[Event "Qatar Masters op-B"]
[Site "Doha"]
[Date "2024.12.03"]
[Round "1"]
[White "Nabiyev, Iman"]
[Black "Gyana Sai Santhosh, M."]
[Result "0-1"]
[WhiteElo "1608"]
[BlackElo "2089"]
[PlyCount "70"]
[EventDate "2024.12.03"]
[EventType "swiss"]
[EventRounds "9"]
[EventCountry "QAT"]
[SourceTitle "CB51_2024"]
[SourceDate "2024.12.18"]
[SourceVersion "1"]
[SourceVersionDate "2024.12.18"]
[SourceQuality "1"]

1. e4 c5 2. Nf3 e6 3. d4 cxd4 4. Nxd4 Nf6 5. Bd3 Nc6 6. Be3 Ne5 7. Nc3 Bb4 8. Bg5 Qa5 9. 0-0 Nxd3 10. Bxf6 Nxb2 11. Qf3 gxf6 12. Qxf6 Rg8 13. Nd5 exd5 14. Rfe1 Qb6 15. exd5+ Kf8 16. Nc6 dxc6 17. d6 Bf5 18. Re7 Bg6 19. Rxf7+ Bxf7 20. Qe7+ Kg7 21. Qe5+ Kg6 22. Qe4+ Kf6 23. Qe7+ Kf5 24. Qxf7+ Ke5 25. Qe7+ Kd5 26. c4+ Nxc4 27. Rd1+ Kc5 28. a4 Rae8 29. Qf7 Rgf8 30. Qh5+ Re5 31. Qh6 Rfe8 32. g3 Re1+ 33. Rxe1 Rxe1+ 34. Kg2 Qd8 35. Qh5+ Re5 0-1

[Event "Wch U08 blitz"]
[Site "Batumi"]
[Date "2023.06.10"]
[Round "2"]
[White "Nabiyev, Iman"]
[Black "Kvaratskhelia, Giorgi"]
[Result "1-0"]
[WhiteElo "1307"]
[BlackElo "1247"]
[PlyCount "55"]
[EventDate "2023.06.10"]
[EventType "swiss (blitz)"]
[EventRounds "11"]
[EventCountry "GEO"]
[SourceTitle "EXT 2024"]
[Source "ChessBase"]
[SourceDate "2023.10.10"]
[SourceVersion "1"]
[SourceVersionDate "2023.10.10"]
[SourceQuality "1"]
[WhiteTeam "Kazakhstan"]
[BlackTeam "Georgia"]
[WhiteTeamCountry "KAZ"]
[BlackTeamCountry "GEO"]

1. e4 e5 2. Nf3 Nc6 3. d4 exd4 4. Bc4 Bc5 5. Ng5 Nh6 6. Nxf7 Nxf7 7. Bxf7+ Kxf7 8. Qh5+ g6 9. Qxc5 d6 10. Qc4+ Be6 11. Qd3 Re8 12. 0-0 Kg8 13. Bf4 Qd7 14. a3 Rad8 15. Nd2 d5 16. exd5 Bxd5 17. Nf3 Rf8 18. Bg5 Rde8 19. Nd2 Rf5 20. Bh4 Rh5 21. Bg3 Qf7 22. Rfe1 Rf8 23. Re2 Rf5 24. Rae1 Kh8 25. b3 Kg8 26. Ne4 Qe8 27. Qd1 Qe7 28. Kh1 1-0